Normal view
MARC view
Entry Personal Name
001 - CONTROL NUMBER
- control field: 9620
003 - CONTROL NUMBER IDENTIFIER
- control field: OSt
005 - DATE AND TIME OF LATEST TRANSACTION
- control field: 20190904061208.0
008 - FIXED-LENGTH DATA ELEMENTS
- fixed length control field: 190904|| aca||aabn | a|a d
040 ## - CATALOGING SOURCE
- Original cataloging agency: OSt
- Transcribing agency: OSt
100 ## - HEADING--PERSONAL NAME
- Personal name: Chaturvedi, T. N.
- Fuller form of name: (Triloki Nath),
- Dates associated with a name: 1928-
- Relator term: honouree.
670 ## - SOURCE DATA FOUND
- Source citation: Work cat.: (OSt)0: Constitutional government in India :
